[Event "Xtracon Open 2019"]
[Site "Helsingor"]
[Date "2019.07.21"]
[Round "3.15"]
[White "Crevatin, Leo"]
[Black "Mansoor, Afras"]
[Result "1-0"]
[WhiteElo "2146"]
[BlackElo "1991"]
[Annotator "NA"]
[PlyCount "113"]
[EventDate "2019.07.19"]
[EventType "swiss"]
[EventCountry "DEN"]
[SourceTitle "playchess.com"]
[Source "ChessBase"]
[SourceQuality "1"]

1. d4 Nf6 2. c4 g6 3. Nc3 Bg7 4. Nf3 d6 5. Bg5 h6 6. Bh4 g5 7. Bg3 Nh5 8. e3 Nxg3 9. hxg3 c5 10. d5 Qa5 11. Qc2 Nd7 12. Be2 a6 13. Nd2 Ne5 14. a3 Bd7 15. O-O O-O 16. Rab1 Qc7 17. Qd1 Qc8 18. Qc2 Qc7 19. Rfc1 Rab8 20. Qd1 b5 21. cxb5 axb5 22. b4 cxb4 23. Nxb5 Qb7 24. Nc7 Qa7 25. axb4 Rfc8 26. Na6 Rb6 27. Rxc8+ Bxc8 28. b5 Bd7 29. Qb3 Qb7 30. Nb4 Bxb5 31. Nc6 Bxc6 32. Qxb6 Qxb6 33. Rxb6 Bxd5 34. Rb8+ Bf8 35. e4 Be6 36. f4 Nc6 37. Ra8 Nd4 38. Bd3 Bg4 39. Kf2 Kg7 40. Nf3 Nxf3 41. gxf3 Bd7 42. fxg5 hxg5 43. Bc4 Be6 44. Bxe6 fxe6 45. Kg2 Kf7 46. Kh3 Bg7 47. Kg4 Bf6 48. Kh5 Kg7 49. Ra5 e5 50. Ra7 Kh7 51. Kg4 Kg6 52. Rd7 Kf7 53. Kf5 Kg7 54. Ke6 Kg6 55. g4 Kg7 56. Rxe7+ Bxe7 57. Kxe7 1-0

[Event "Xtracon Open 2019"]
[Site "Helsingor"]
[Date "2019.07.21"]
[Round "3.16"]
[White "Meyer, Juergen"]
[Black "Fossan, Aleksander"]
[Result "1/2-1/2"]
[WhiteElo "1990"]
[BlackElo "2155"]
[Annotator "NA"]
[PlyCount "70"]
[EventDate "2019.07.19"]
[EventType "swiss"]
[EventCountry "DEN"]
[SourceTitle "playchess.com"]
[Source "ChessBase"]
[SourceQuality "1"]

1. e4 c5 2. Nf3 Nc6 3. d4 cxd4 4. Nxd4 g6 5. c4 Bg7 6. Be3 d6 7. Nc3 Nf6 8. Be2 O-O 9. O-O Bd7 10. f3 Nxd4 11. Bxd4 a5 12. Qd2 Bc6 13. Rab1 Nd7 14. Be3 Nc5 15. b3 Qb6 16. Rfc1 Rfc8 17. Bd1 Qb4 18. a4 Qb6 19. Nd5 Qd8 20. Nf4 h5 21. Nd3 Ne6 22. Nf4 Nc5 23. Nd3 Nxd3 24. Qxd3 Kh7 25. Qd2 Qf8 26. Be2 Bh6 27. Bxh6 Qxh6 28. Qxh6+ Kxh6 29. Kf2 g5 30. Ke3 Bd7 31. Bd3 b6 32. Rf1 Rf8 33. Kd4 f6 34. Rbe1 Rg8 35. Rg1 Raf8 1/2-1/2

[Event "Xtracon Open 2019"]
[Site "Helsingor"]
[Date "2019.07.21"]
[Round "3.16"]
[White "Jarlnaes, Erik"]
[Black "Lysyj, Igor"]
[Result "0-1"]
[WhiteElo "1959"]
[BlackElo "2623"]
[Annotator "ChessBase"]
[PlyCount "114"]
[EventDate "2019.07.19"]
[EventType "swiss"]
[EventCountry "DEN"]
[SourceTitle "playchess.com"]
[Source "ChessBase"]
[SourceQuality "1"]

1. e4 e5 2. Nf3 Nc6 3. Bb5 a6 4. Bxc6 dxc6 5. Nc3 f6 6. h3 c5 7. d3 Ne7 8. Be3 Ng6 9. Qd2 Be6 10. Ne2 Qd7 11. c3 Rd8 12. d4 cxd4 13. cxd4 exd4 14. Nfxd4 Nh4 15. Kf1 Bf7 16. Qc2 c5 17. Nf3 Nxf3 18. gxf3 Be7 19. Kg2 O-O 20. Rhd1 Qc6 21. Nf4 b5 22. Rac1 c4 23. Rxd8 Rxd8 24. Rd1 Rxd1 25. Qxd1 Bd6 26. Nd5 f5 27. Qd4 fxe4 28. fxe4 Bf8 29. f3 Qg6+ 30. Kf2 Qh5 31. Nf4 Qh4+ 32. Kg2 Qg5+ 33. Kf2 Qe7 34. Nd5 Qh4+ 35. Kg2 Qe1 36. Bf2 Qa5 37. a3 Qd8 38. Nf4 Qc8 39. e5 Qf5 40. Bg3 g5 41. Nd5 Be6 42. Nf6+ Kf7 43. h4 Qh3+ 44. Kf2 gxh4 45. Qxh4 Bc5+ 46. Ke2 Qxh4 47. Bxh4 Bf5 48. Bf2 c3 49. bxc3 Bxa3 50. Nd5 Bb2 51. Bd4 a5 52. Ne3 Ke6 53. Nd1 Bc1 54. Bb6 a4 55. Bd4 a3 56. Ne3 Bxe3 57. Kxe3 Kd5 0-1

[Event "Xtracon Open 2019"]
[Site "Helsingor"]
[Date "2019.07.21"]
[Round "3.17"]
[White "Miedema, David"]
[Black "Linderod, Lars Erik"]
[Result "1-0"]
[WhiteElo "2387"]
[BlackElo "1961"]
[Annotator "NA"]
[PlyCount "49"]
[EventDate "2019.07.19"]
[EventType "swiss"]
[EventCountry "DEN"]
[SourceTitle "playchess.com"]
[Source "ChessBase"]
[SourceQuality "1"]

1. e4 c5 2. Nf3 Nc6 3. d4 cxd4 4. Nxd4 g6 5. c4 Bg7 6. Be3 Nf6 7. Nc3 O-O 8. f3 d6 9. Qd2 Nd7 10. h4 Nxd4 11. Bxd4 Bxd4 12. Qxd4 Qb6 13. Qd2 Nf6 14. h5 Be6 15. O-O-O Rac8 16. Nd5 Bxd5 17. exd5 a5 18. Bd3 Nxd5 19. hxg6 fxg6 20. Bxg6 Qe3 21. Bxh7+ Kg7 22. Kb1 Qxd2 23. Rxd2 Nc3+ 24. bxc3 Rh8 25. Re1 1-0

[Event "Xtracon Open 2019"]
[Site "Helsingor"]
[Date "2019.07.21"]
[Round "3.17"]
[White "Gallagher, Daniel GH"]
[Black "Kittilsen, Sigurd"]
[Result "1-0"]
[WhiteElo "2153"]
[BlackElo "1894"]
[Annotator "NA"]
[PlyCount "45"]
[EventDate "2019.07.19"]
[EventType "swiss"]
[EventCountry "DEN"]
[SourceTitle "playchess.com"]
[Source "ChessBase"]
[SourceQuality "1"]

1. e4 c5 2. Nc3 g6 3. d4 cxd4 4. Qxd4 Nf6 5. Nf3 Nc6 6. Qa4 d6 7. e5 dxe5 8. Nxe5 Bg7 9. Bb5 O-O 10. Nxc6 bxc6 11. Bxc6 Bd7 12. Bxd7 Nxd7 13. O-O Nb6 14. Qe4 Qc7 15. Rb1 Rfc8 16. Bg5 e6 17. Qh4 Bxc3 18. bxc3 Qxc3 19. Bf6 Rc4 20. f4 Qe3+ 21. Kh1 Nd5 22. Rf3 Qd2 23. Qxh7+ 1-0

[Event "Xtracon Open 2019"]
[Site "Helsingor"]
[Date "2019.07.21"]
[Round "3.18"]
[White "Slettebo, Jan"]
[Black "Moe, Mogens"]
[Result "0-1"]
[WhiteElo "1888"]
[BlackElo "2152"]
[Annotator "NA"]
[PlyCount "51"]
[EventDate "2019.07.19"]
[EventType "swiss"]
[EventCountry "DEN"]
[SourceTitle "playchess.com"]
[Source "ChessBase"]
[SourceQuality "1"]

1. e4 c5 2. Nf3 e6 3. d4 cxd4 4. Nxd4 Nc6 5. Nc3 Qc7 6. Be3 a6 7. a3 Nf6 8. f4 d6 9. Qf3 Bd7 10. Nb3 h5 11. Be2 Rc8 12. Qf2 b5 13. O-O Qb7 14. Bf3 b4 15. axb4 Ng4 16. Bxg4 hxg4 17. b5 axb5 18. f5 Be7 19. Nd4 Ne5 20. fxe6 fxe6 21. Ra7 Qb8 22. Ncxb5 Bf6 23. Rfa1 O-O 24. Qe2 Bxb5 25. Nxb5 Rc4 26. Nd4 0-1

[Event "Xtracon Open 2019"]
[Site "Helsingor"]
[Date "2019.07.22"]
[Round "4.1"]
[White "Sonis, Francesco"]
[Black "Grandelius, Nils"]
[Result "0-1"]
[WhiteElo "2498"]
[BlackElo "2691"]
[Annotator "TA"]
[PlyCount "82"]
[EventDate "2019.07.19"]
[EventType "swiss"]
[EventCountry "DEN"]
[SourceTitle "playchess.com"]
[Source "ChessBase"]
[SourceQuality "1"]

1. Nf3 c5 2. c4 Nc6 3. Nc3 e5 4. g3 g6 5. Bg2 Bg7 6. d3 d6 7. Bd2 Nge7 8. a3 O-O 9. Rb1 a5 10. O-O Rb8 11. Ne1 Be6 12. Nc2 d5 13. cxd5 Nxd5 14. Nxd5 Bxd5 15. Bxd5 Qxd5 16. b4 cxb4 17. axb4 b6 18. Ne3 Qe6 19. Nc4 axb4 20. Bxb4 Rfd8 21. Nd2 b5 22. Bc3 b4 23. Ba1 Bh6 24. Nb3 Rbc8 25. e3 Qd5 26. d4 exd4 27. Nxd4 Qe4 28. Rb3 Ne5 29. f4 Nc4 30. Qe2 Bf8 31. Rd1 Re8 32. Kf2 Bc5 33. Qd3 Qd5 34. Re1 Ra8 35. Nc2 Qxd3 36. Rxd3 Ra2 37. Re2 Nxe3 38. Nxe3 Rxa1 39. Rc2 Ba7 40. Kf3 Bxe3 41. Rxe3 Ra3 0-1

[Event "Xtracon Open 2019"]
[Site "Helsingor"]
[Date "2019.07.22"]
[Round "4.1"]
[White "Jacobsen, Mikkel Manosri"]
[Black "Jepsen, Thomas Tange"]
[Result "1-0"]
[WhiteElo "2343"]
[BlackElo "2069"]
[Annotator "NA"]
[PlyCount "95"]
[EventDate "2019.07.19"]
[EventType "swiss"]
[EventCountry "DEN"]
[SourceTitle "playchess.com"]
[Source "ChessBase"]
[SourceQuality "1"]

1. Nf3 Nf6 2. b3 d5 3. Bb2 c5 4. e3 Nc6 5. Be2 e6 6. O-O Bd6 7. d4 cxd4 8. exd4 O-O 9. Nbd2 b6 10. a3 Bb7 11. Bd3 Ne7 12. Qe2 Rc8 13. Ne5 Bb8 14. Qf3 Qc7 15. Rac1 Ng6 16. Rfe1 Nd7 17. Qh3 Ndxe5 18. dxe5 Qe7 19. Qh5 h6 20. Bxg6 fxg6 21. Qxg6 Bc6 22. Re3 Be8 23. Qd3 Rf5 24. Qa6 Rd8 25. Nf3 Rf4 26. g3 Re4 27. Rce1 Bg6 28. Nd4 Qd7 29. f3 Rxe3 30. Rxe3 Rc8 31. c3 Rc5 32. a4 Kf7 33. Ba3 Qc8 34. Qxc8 Rxc8 35. Bd6 a6 36. Bxb8 Rxb8 37. Kf2 Rc8 38. Ke2 Ke7 39. Kd2 Kd7 40. Re1 Rc5 41. h4 Ke7 42. g4 Rc8 43. h5 Bh7 44. f4 Rf8 45. Rf1 Be4 46. f5 Bg2 47. Rg1 Be4 48. Nxe6 1-0

[Event "Xtracon Open 2019"]
[Site "Helsingor"]
[Date "2019.07.22"]
[Round "4.1"]
[White "Lauritsen, Niels"]
[Black "Bach, Matthias"]
[Result "1/2-1/2"]
[WhiteElo "2011"]
[BlackElo "2241"]
[Annotator "NA"]
[PlyCount "50"]
[EventDate "2019.07.19"]
[EventType "swiss"]
[EventCountry "DEN"]
[SourceTitle "playchess.com"]
[Source "ChessBase"]
[SourceQuality "1"]

1. d4 d6 2. e4 g6 3. Nc3 Bg7 4. Nge2 Nf6 5. g3 O-O 6. Bg2 c6 7. a4 e5 8. O-O Na6 9. h3 exd4 10. Nxd4 Nb4 11. a5 d5 12. exd5 c5 13. Ndb5 Bf5 14. Na3 Re8 15. g4 Be4 16. Nxe4 Nxe4 17. Re1 f5 18. Nc4 Qxd5 19. Qxd5+ Nxd5 20. c3 Rad8 21. gxf5 gxf5 22. Bg5 Bf6 23. Bxf6 Ndxf6 24. Rad1 Kf8 25. Ne3 f4 1/2-1/2

[Event "Xtracon Open 2019"]
[Site "Helsingor"]
[Date "2019.07.22"]
[Round "4.1"]
[White "Lye, Sigurd"]
[Black "Ask, Josef"]
[Result "0-1"]
[WhiteElo "1593"]
[BlackElo "2149"]
[Annotator "NA"]
[PlyCount "248"]
[EventDate "2019.07.19"]
[EventType "swiss"]
[EventCountry "DEN"]
[SourceTitle "playchess.com"]
[Source "ChessBase"]
[SourceQuality "1"]

1. e4 c6 2. Nf3 d5 3. Nc3 Bg4 4. h3 Bxf3 5. Qxf3 e6 6. d3 Nd7 7. Qg3 Qb6 8. Bd2 Ne7 9. O-O-O g6 10. f4 O-O-O 11. Qf3 Bg7 12. e5 c5 13. d4 c4 14. Kb1 Rdf8 15. a4 a6 16. a5 Qxa5 17. Na2 Qc7 18. Bb4 Re8 19. b3 Nc6 20. Bd6 Qb6 21. Qc3 Bf8 22. Bxf8 Rhxf8 23. Ka1 cxb3 24. cxb3 Kb8 25. g4 Rc8 26. Qb2 Qa5 27. b4 Qa4 28. Bd3 Na7 29. Rc1 Nb6 30. Rc5 Rxc5 31. bxc5 Nc4 32. Bxc4 dxc4 33. Qb6 Qc6 34. Rb1 Nb5 35. Qxc6 bxc6 36. Nb4 Kb7 37. Nc2 Rd8 38. Rb4 c3 39. Ka2 Rf8 40. Rb1 a5 41. Kb3 Ra8 42. Ra1 Nc7 43. Ne3 Rd8 44. Rd1 Nb5 45. Nc2 Kc7 46. Kc4 a4 47. Ra1 a3 48. Ra2 Ra8 49. Kb3 Kd7 50. g5 Kc7 51. h4 Kb7 52. Ra1 h6 53. Ka2 Rh8 54. Rh1 hxg5 55. fxg5 Rd8 56. Rd1 Kc7 57. Ka1 Kd7 58. Ka2 Ke8 59. Ka1 Nc7 60. Ne3 Rb8 61. Nc4 Nd5 62. Ka2 c2 63. Rc1 Nc3+ 64. Kxa3 Nb5+ 65. Ka2 Nxd4 66. Na3 Nf3 67. Nc4 Nxh4 68. Rxc2 Nf3 69. Rg2 Ke7 70. Rg3 Nd4 71. Nd6 Ra8+ 72. Kb2 Ra5 73. Rc3 Ra4 74. Rh3 Rb4+ 75. Ka3 Rb1 76. Rh7 Rf1 77. Nc8+ Kf8 78. Rh8+ Kg7 79. Rd8 Ra1+ 80. Kb2 Ra8 81. Rxd4 Rxc8 82. Rd7 Kf8 83. Kc3 Ke8 84. Ra7 Rd8 85. Rc7 Rd5 86. Rxc6 Rxe5 87. Kc4 Rxg5 88. Rd6 Ke7 89. Rd1 Rd5 90. Rb1 Kd7 91. Rb7+ Kc6 92. Rxf7 Rxc5+ 93. Kd4 Kd6 94. Ke4 Rc1 95. Rg7 Rg1 96. Kf4 e5+ 97. Ke4 Ke6 98. Ra7 Re1+ 99. Kf3 Kf6 100. Ra6+ Kf5 101. Ra5 Rb1 102. Rc5 Rb3+ 103. Kf2 Kf4 104. Rc6 Rb2+ 105. Kf1 g5 106. Rc4+ e4 107. Rc8 g4 108. Rf8+ Kg3 109. Re8 Kf3 110. Rf8+ Ke3 111. Rg8 Rb1+ 112. Kg2 Ke2 113. Rxg4 e3 114. Rg8 Ke1 115. Rh8 Rb3 116. Rd8 e2 117. Rd7 Rb5 118. Rd8 Rg5+ 119. Kh2 Kf2 120. Rf8+ Ke3 121. Re8+ Kf3 122. Rf8+ Ke4 123. Rf1 exf1=R 124. Kh3 Rh1# 0-1

[Event "Xtracon Open 2019"]
[Site "Helsingor"]
[Date "2019.07.22"]
[Round "4.2"]
[White "Korobov, Anton"]
[Black "Cramling, Pia"]
[Result "1-0"]
[WhiteElo "2687"]
[BlackElo "2479"]
[Annotator "RC"]
[PlyCount "63"]
[EventDate "2019.07.19"]
[EventType "swiss"]
[EventCountry "DEN"]
[SourceTitle "playchess.com"]
[Source "ChessBase"]
[SourceQuality "1"]

1. d4 Nf6 2. c4 e6 3. Nc3 Bb4 4. e3 O-O 5. Bd3 d5 6. Nf3 dxc4 7. Bxc4 c5 8. O-O Nc6 9. a3 Ba5 10. Qd3 a6 11. Ne4 Nxe4 12. Qxe4 cxd4 13. exd4 f5 14. Qd3 Qd6 15. b4 Bb6 16. Bb2 Ne7 17. d5 exd5 18. Rfe1 Bd8 19. Rad1 f4 20. Qd4 Nf5 21. Bxd5+ Kh8 22. Qe4 Bf6 23. Ne5 Bxe5 24. Bxe5 Qb6 25. Qxf4 Bd7 26. Be4 Be6 27. h4 Rf7 28. h5 Kg8 29. Bxf5 Bxf5 30. Rd6 Qb5 31. Bxg7 Bg6 32. Bf6 1-0

[Event "Xtracon Open 2019"]
[Site "Helsingor"]
[Date "2019.07.22"]
[Round "4.2"]
[White "Christiansen, Johan-Sebastian"]
[Black "Hobber, Anders"]
[Result "1-0"]
[WhiteElo "2548"]
[BlackElo "2294"]
[Annotator "ChessBase"]
[PlyCount "139"]
[EventDate "2019.07.19"]
[EventType "swiss"]
[EventCountry "DEN"]
[SourceTitle "playchess.com"]
[Source "ChessBase"]
[SourceQuality "1"]

1. c4 e6 2. g3 d5 3. Bg2 Nf6 4. d4 Bb4+ 5. Nd2 O-O 6. Ngf3 c6 7. O-O b6 8. Qc2 a5 9. Rd1 Ba6 10. b3 Nbd7 11. Bb2 Rc8 12. e4 Be7 13. Rac1 Bb7 14. Qb1 a4 15. bxa4 Ra8 16. cxd5 cxd5 17. e5 Ne8 18. Qc2 Nb8 19. Bf1 Nc6 20. Bb5 Na5 21. Bc3 Rc8 22. Qb1 Nc4 23. Bb4 Nc7 24. Qb3 Nxb5 25. axb5 Bxb4 26. Qxb4 f6 27. Re1 fxe5 28. Nxe5 Nxe5 29. Rxc8 Qxc8 30. Rxe5 Qc2 31. a3 Bc8 32. Kg2 Bd7 33. a4 Be8 34. h4 h6 35. h5 Qd1 36. Qc3 Qxa4 37. Rxe6 Bxh5 38. Rxb6 Qd1 39. Qe3 Bg4 40. Rg6 Bf5 41. Rc6 Bd7 42. Rc7 Bxb5 43. Re7 Kh8 44. Rb7 Bc4 45. Rb1 Qc2 46. Ra1 Bd3 47. Kg1 Bg6 48. Nf3 Be4 49. Ne5 Rb8 50. Qe1 Qb2 51. Rd1 Rf8 52. Qe3 Qc2 53. Rf1 Qc8 54. Kh2 Qc2 55. Kg1 Qc8 56. f3 Bh7 57. Kg2 Qc2+ 58. Rf2 Qd1 59. g4 Qb1 60. Re2 Qd1 61. Re1 Qc2+ 62. Kg3 Qb2 63. Rc1 Qb7 64. Rc5 Kg8 65. Nc6 Qc7+ 66. Qe5 Qb7 67. Qe6+ Kh8 68. Qe7 Qa8 69. Ne5 Re8 70. Qd7 1-0

[Event "Xtracon Open 2019"]
[Site "Helsingor"]
[Date "2019.07.22"]
[Round "4.2"]
[White "Machlik, Monika"]
[Black "Gong, Patrick"]
[Result "1/2-1/2"]
[WhiteElo "2083"]
[BlackElo "2336"]
[Annotator "NA"]
[PlyCount "82"]
[EventDate "2019.07.19"]
[EventType "swiss"]
[EventCountry "DEN"]
[SourceTitle "playchess.com"]
[Source "ChessBase"]
[SourceQuality "1"]

1. d4 g6 2. c4 Bg7 3. Nc3 c5 4. d5 d6 5. e4 Nf6 6. f4 O-O 7. Nf3 e6 8. dxe6 fxe6 9. Bd3 Nc6 10. O-O Nd4 11. Bd2 e5 12. fxe5 Ng4 13. Nxd4 cxd4 14. Nd5 Nxe5 15. Qc2 Rxf1+ 16. Rxf1 Be6 17. Bf4 Bxd5 18. exd5 Qe7 19. Qd1 Re8 20. Bxe5 Qxe5 21. Qf3 Qe3+ 22. Kh1 Qxf3 23. Rxf3 Bh6 24. h3 Bc1 25. b3 Kg7 26. Kh2 Be3 27. Rf1 a5 28. Rf3 b6 29. Rf1 Ra8 30. Bc2 Bg5 31. Kg1 h5 32. g3 Re8 33. Kg2 h4 34. gxh4 Bxh4 35. Bd3 Bf6 36. Rf4 g5 37. Re4 Be5 38. Re1 Kf6 39. Re2 Rh8 40. Re4 Ke7 41. a4 Kf6 1/2-1/2

[Event "Xtracon Open 2019"]
[Site "Helsingor"]
[Date "2019.07.22"]
[Round "4.2"]
[White "Andersen, Kim Nyvang"]
[Black "Grove, Peter"]
[Result "0-1"]
[WhiteElo "2008"]
[BlackElo "2239"]
[Annotator "NA"]
[PlyCount "82"]
[EventDate "2019.07.19"]
[EventType "swiss"]
[EventCountry "DEN"]
[SourceTitle "playchess.com"]
[Source "ChessBase"]
[SourceQuality "1"]

1. d4 d5 2. c4 dxc4 3. Nf3 Nf6 4. e3 b5 5. a4 b4 6. Bxc4 Bb7 7. O-O e6 8. Nbd2 Nbd7 9. a5 a6 10. Qe2 c5 11. Nb3 Qb8 12. h3 Bd6 13. Nxc5 Nxc5 14. dxc5 Bxc5 15. Bd3 O-O 16. e4 Nd7 17. Be3 Bxe3 18. Qxe3 Ne5 19. Nxe5 Qxe5 20. f4 Qxb2 21. Rfb1 Qc3 22. Rc1 Qf6 23. Ra4 e5 24. Rxb4 exf4 25. Qb6 Qg5 26. Rf1 Bc8 27. Rf3 Be6 28. Kh2 Qe5 29. Bxa6 Rfb8 30. Qc6 g5 31. Rb5 Rxb5 32. Qxa8+ Rb8 33. Qa7 Rb1 34. Qa8+ Kg7 35. Bd3 Ra1 36. a6 Qd4 37. Rf1 Ra2 38. Bb1 Ra3 39. Bc2 Qd2 40. Bd1 Rxh3+ 41. Kg1 Qd4+ 0-1

[Event "Xtracon Open 2019"]
[Site "Helsingor"]
[Date "2019.07.22"]
[Round "4.2"]
[White "Lindgaard, Tobias Simon"]
[Black "Jacobsen, Per Wurtz"]
[Result "1-0"]
[WhiteElo "1804"]
[BlackElo "2016"]
[Annotator "NA"]
[PlyCount "78"]
[EventDate "2019.07.19"]
[EventType "swiss"]
[EventCountry "DEN"]
[SourceTitle "playchess.com"]
[Source "ChessBase"]
[SourceQuality "1"]

1. Nf3 d5 2. g3 e6 3. Bg2 f5 4. d3 Nf6 5. O-O Bd6 6. Nc3 c6 7. e4 Nbd7 8. Ng5 Nc5 9. exf5 exf5 10. Re1+ Be7 11. b4 Na6 12. b5 Nc7 13. a4 O-O 14. Ne2 Ng4 15. Nf3 Bc5 16. d4 Bd6 17. bxc6 bxc6 18. h3 Nf6 19. Ne5 Bb7 20. c4 Ne4 21. Qc2 Rc8 22. Ba3 Re8 23. Nd3 Qe7 24. c5 Bxg3 25. fxg3 Qg5 26. Kh2 Ne6 27. Bc1 Qg6 28. Ndf4 Nxf4 29. Bxf4 Qh5 30. Nc3 Re6 31. Nxe4 fxe4 32. Qb3 Qf7 33. Rab1 Ba6 34. h4 Rce8 35. Bh3 R6e7 36. Bf1 Bc8 37. Qe3 Bf5 38. a5 Rb7 39. a6 Rbb8 1-0

[Event "Xtracon Open 2019"]
[Site "Helsingor"]
[Date "2019.07.22"]
[Round "4.3"]
[White "Hector, Jonny"]
[Black "Sargissian, Gabriel"]
[Result "0-1"]
[WhiteElo "2487"]
[BlackElo "2681"]
[Annotator "TA"]
[PlyCount "94"]
[EventDate "2019.07.19"]
[EventType "swiss"]
[EventCountry "DEN"]
[SourceTitle "playchess.com"]
[Source "ChessBase"]
[SourceQuality "1"]

1. e4 e5 2. Nf3 Nc6 3. Bc4 Nf6 4. d3 Bc5 5. O-O d6 6. c3 O-O 7. Bb3 h6 8. Re1 a6 9. Nbd2 Be6 10. Nf1 Bxb3 11. Qxb3 Qd7 12. Ng3 Rfe8 13. Be3 Bxe3 14. fxe3 d5 15. exd5 Nxd5 16. Ne4 b6 17. c4 Nde7 18. Rad1 Nf5 19. Qc3 Rad8 20. b4 Nd6 21. Nf2 Qe6 22. c5 Nf5 23. cxb6 cxb6 24. Qb2 a5 25. b5 Nb8 26. Rc1 Nd7 27. Rc6 Qe7 28. e4 Nh4 29. Nxh4 Qxh4 30. Qe2 Re6 31. Ng4 Nc5 32. Rxe6 Nxe6 33. Nxe5 Qg5 34. Nf3 Qxb5 35. d4 Nxd4 36. Qxb5 Nxb5 37. Rb1 Nc3 38. Rxb6 Nxe4 39. h4 Rd5 40. Kh2 Nd2 41. Ne1 Rd4 42. Kh3 Re4 43. Nc2 Rc4 44. Ne1 a4 45. Rd6 Ne4 46. Rd8+ Kh7 47. Nd3 Rc2 0-1

[Event "Xtracon Open 2019"]
[Site "Helsingor"]
[Date "2019.07.22"]
[Round "4.3"]
[White "Hinrichs, Lars"]
[Black "Philipsen, William Horup"]
[Result "1-0"]
[WhiteElo "2234"]
[BlackElo "2001"]
[Annotator "NA"]
[PlyCount "49"]
[EventDate "2019.07.19"]
[EventType "swiss"]
[EventCountry "DEN"]
[SourceTitle "playchess.com"]
[Source "ChessBase"]
[SourceQuality "1"]

1. d4 d5 2. Nf3 Nc6 3. c4 e5 4. dxe5 d4 5. a3 f6 6. exf6 Qxf6 7. b4 Bf5 8. Bb2 O-O-O 9. b5 Na5 10. Bxd4 Qe6 11. e3 c5 12. bxc6 Nxc6 13. Be2 Bc5 14. Nc3 Nge7 15. O-O h5 16. Qa4 Nxd4 17. exd4 Bb6 18. c5 Bc7 19. Qxa7 Rhf8 20. Rab1 Bxb1 21. Rxb1 Qc6 22. Rxb7 Rf6 23. Rb6 Qe8 24. Ba6+ Kd7 25. Ne5# 1-0

[Event "Xtracon Open 2019"]
[Site "Helsingor"]
[Date "2019.07.22"]
[Round "4.3"]
[White "Le Besq, Alexander"]
[Black "Woltery, Nicolai"]
[Result "1-0"]
[WhiteElo "2149"]
[BlackElo "1865"]
[Annotator "NA"]
[PlyCount "111"]
[EventDate "2019.07.19"]
[EventType "swiss"]
[EventCountry "DEN"]
[SourceTitle "playchess.com"]
[Source "ChessBase"]
[SourceQuality "1"]

1. e4 c5 2. Nc3 Nc6 3. d3 g6 4. Be3 d6 5. d4 cxd4 6. Bxd4 Nxd4 7. Qxd4 Nf6 8. e5 dxe5 9. Bb5+ Bd7 10. Qxe5 a6 11. Bxd7+ Qxd7 12. Rd1 Qg4 13. Nd5 Nxd5 14. Qxd5 Bg7 15. Nf3 O-O 16. O-O Qc8 17. c3 Rd8 18. Qa5 Rd7 19. Rfe1 Qd8 20. Qa4 b5 21. Rxd7 Qxd7 22. Qe4 Ra7 23. Qf4 Rb7 24. Ng5 Qd5 25. Ne4 a5 26. Qf3 Rd7 27. h3 Bh6 28. Qe2 Qd3 29. Nc5 Qxe2 30. Rxe2 Rd1+ 31. Kh2 Rd2 32. Rxd2 Bf4+ 33. Kg1 Bxd2 34. Nb3 Bf4 35. Nxa5 Bc1 36. c4 bxc4 37. Nxc4 Kf8 38. Kf1 Ke8 39. Ke2 Kd7 40. g3 Bg5 41. Kd3 f5 42. f4 Bf6 43. Ne5+ Bxe5 44. fxe5 g5 45. a4 e6 46. b4 Kc6 47. Kc4 Kb6 48. a5+ Kc6 49. b5+ Kb7 50. Kc5 h5 51. a6+ Kb8 52. Kb6 f4 53. a7+ Ka8 54. Ka6 f3 55. b6 f2 56. b7# 1-0

[Event "Xtracon Open 2019"]
[Site "Helsingor"]
[Date "2019.07.22"]
[Round "4.3"]
[White "Skjoldager, Per"]
[Black "Tryggestad, Andreas Garberg"]
[Result "0-1"]
[WhiteElo "2081"]
[BlackElo "2336"]
[Annotator "NA"]
[PlyCount "72"]
[EventDate "2019.07.19"]
[EventType "swiss"]
[EventCountry "DEN"]
[SourceTitle "playchess.com"]
[Source "ChessBase"]
[SourceQuality "1"]

1. e4 c5 2. c3 Nf6 3. e5 Nd5 4. d4 cxd4 5. cxd4 d6 6. Nf3 Nc6 7. Bc4 Nb6 8. Bb5 dxe5 9. Nxe5 Bd7 10. Nxc6 Bxc6 11. Bxc6+ bxc6 12. O-O e6 13. Nc3 Be7 14. Be3 O-O 15. Qf3 Rc8 16. Rac1 Nc4 17. Rc2 Qa5 18. Bc1 Rfd8 19. Rd1 Nd6 20. Be3 Nf5 21. a3 h6 22. g3 Qb6 23. Rcd2 Bf6 24. Qe4 Qb3 25. g4 Nh4 26. f4 c5 27. Ne2 cxd4 28. Nxd4 Bxd4 29. Rxd4 Rxd4 30. Rxd4 Qxb2 31. Rd2 Qxa3 32. Kf2 Qe7 33. Qa4 Qb7 34. Rd3 Rc2+ 35. Bd2 Qg2+ 36. Ke1 Rxd2 0-1

[Event "Xtracon Open 2019"]
[Site "Helsingor"]
[Date "2019.07.22"]
[Round "4.4"]
[White "Moiseenko, Alexander"]
[Black "Korley, Kassa"]
[Result "0-1"]
[WhiteElo "2628"]
[BlackElo "2437"]
[Annotator "ChessBase"]
[PlyCount "50"]
[EventDate "2019.07.19"]
[EventType "swiss"]
[EventCountry "DEN"]
[SourceTitle "playchess.com"]
[Source "ChessBase"]
[SourceQuality "1"]

1. d4 d5 2. c4 e6 3. Nc3 Nf6 4. cxd5 exd5 5. Bg5 c6 6. e3 Bd6 7. Bd3 O-O 8. Qc2 h6 9. Bh4 Re8 10. Nge2 a5 11. h3 Na6 12. a3 Nc7 13. O-O Ne6 14. f3 Ng5 15. e4 Nfxe4 16. fxe4 Nxh3+ 17. gxh3 Qxh4 18. Rf2 Bxh3 19. Rd1 Re5 20. dxe5 Bc5 21. Nd4 Bxd4 22. Rdd2 Qg3+ 23. Kh1 Bg4 24. Bf1 Bf3+ 25. Bg2 Qh3+ 0-1

[Event "Xtracon Open 2019"]
[Site "Helsingor"]
[Date "2019.07.22"]
[Round "4.4"]
[White "Tomilova, Elena"]
[Black "Hjartarson, Johann"]
[Result "1-0"]
[WhiteElo "2281"]
[BlackElo "2513"]
[Annotator "ChessBase"]
[PlyCount "83"]
[EventDate "2019.07.19"]
[EventType "swiss"]
[EventCountry "DEN"]
[SourceTitle "playchess.com"]
[Source "ChessBase"]
[SourceQuality "1"]

1. c4 e5 2. g3 Nf6 3. Bg2 d5 4. cxd5 Nxd5 5. Nf3 Nc6 6. O-O Nb6 7. b3 Be6 8. Bb2 f6 9. d4 exd4 10. Nxd4 Nxd4 11. Bxd4 c6 12. Nc3 Be7 13. e4 O-O 14. Ne2 Re8 15. Qc2 Bf8 16. Rad1 Qe7 17. Nf4 Bf7 18. Rfe1 Rad8 19. h4 Qa3 20. h5 Qa5 21. Bc3 Bb4 22. Bxb4 Qxb4 23. h6 g5 24. Nd3 Qf8 25. Nc5 Rxd1 26. Rxd1 Re7 27. a4 Qxh6 28. a5 Nc8 29. Nxb7 Rxb7 30. Rd8+ Kg7 31. Rxc8 Rxb3 32. Rc7 Ra3 33. Qc4 Qh5 34. Rxa7 Rxa5 35. Rc7 Ra1+ 36. Bf1 c5 37. e5 fxe5 38. Qc3 Qd1 39. Qxe5+ Kg6 40. Rc6+ Kh5 41. Kh2 Ra2 42. Qf5 1-0

[Event "Xtracon Open 2019"]
[Site "Helsingor"]
[Date "2019.07.22"]
[Round "4.4"]
[White "Thaler, Toni"]
[Black "Vestby-Ellingsen, Mads"]
[Result "0-1"]
[WhiteElo "2070"]
[BlackElo "2335"]
[Annotator "NA"]
[PlyCount "58"]
[EventDate "2019.07.19"]
[EventType "swiss"]
[EventCountry "DEN"]
[SourceTitle "playchess.com"]
[Source "ChessBase"]
[SourceQuality "1"]

1. d4 Nf6 2. c4 g6 3. f3 Bg7 4. e4 d6 5. Ne2 O-O 6. Be3 c5 7. d5 e6 8. Nec3 exd5 9. cxd5 a6 10. a4 Nh5 11. g4 Nf6 12. h4 h5 13. g5 Ne8 14. Na3 f5 15. gxf6 Bxf6 16. Bf2 Nd7 17. Nc4 Ne5 18. Nxe5 Bxe5 19. Be2 Qf6 20. Kd2 Bd7 21. Kc2 Nc7 22. Qd2 b5 23. Rag1 Kh7 24. axb5 Nxb5 25. Nxb5 Bxb5 26. Bd1 Bxb2 27. f4 Ba3 28. Kb3 Bb4 29. Qc2 Qa1 0-1